| 000 | 00851nam a22002297a 4500 | ||
|---|---|---|---|
| 003 | DO-SdBNP | ||
| 005 | 20180222143836.0 | ||
| 008 | 160321b 1983 sp a 00| 0 spa d | ||
| 020 | _a842395742X | ||
| 040 |
_aBPMSU _bspa _cBPMSU |
||
| 082 | 4 |
_axxxx _bxxxx |
|
| 100 | 1 | _aWhybrow, Solene | |
| 245 | 1 | 3 |
_aLa vida de los animales con concha / _cSolene Whybrow ; traducción María Luisa Rodrigo Schellings |
| 250 | _a3a ed. | ||
| 260 |
_aMadrid : _bEspasa-Calpe, _c1983. |
||
| 300 |
_a61 p´. : _bil. ; _c29 cm. |
||
| 500 | _aUna sencilla introducción a la vida y comportamiento de los animales con concha, dedicada a los jóvenes lectores, con una sección especial de referencias y proyectos | ||
| 700 | 1 | 2 |
_aRodrigo Schellings, María Luisa, _etr. |
| 942 |
_2ddc _cBK |
||
| 945 | _aInventariado, 2018 / BT | ||
| 956 |
_aBTAVAREZ _b10 _d20160321 _fBPMSU _h0038 |
||
| 999 |
_c9343 _d9343 |
||